000 00318nam a22001457a 4500
008 230512b ||||| |||| 00| 0 eng d
020 _a9780073341873
041 _aeng
080 _2THIRD EDITION
_a51
082 _a51BAR
100 _a20
101 _aMAT
245 _aCOLLEGE ALGEBRA
_cBARNETT
942 _2udc
_cBK
999 _c59685
_d59685